<?xml version="1.0" encoding="UTF-8"?>
<collection xmlns="http://www.loc.gov/MARC21/slim">
  <record>
    <leader>00000nam  2200000   4500</leader>
    <controlfield tag="001">INLIS000000000018698</controlfield>
    <controlfield tag="005">20241205103901</controlfield>
    <datafield tag="035" ind1="#" ind2="#">
      <subfield code="a">0010-1224000069</subfield>
    </datafield>
    <controlfield tag="007">ta</controlfield>
    <controlfield tag="008">241205################g##########0#ind##</controlfield>
    <datafield tag="020" ind1="#" ind2="#">
      <subfield code="a">979 20 0483 1</subfield>
    </datafield>
    <datafield tag="082" ind1="#" ind2="#">
      <subfield code="a">658.81</subfield>
    </datafield>
    <datafield tag="084" ind1="#" ind2="#">
      <subfield code="a">658.81 ISR v</subfield>
    </datafield>
    <datafield tag="100" ind1=" " ind2="#">
      <subfield code="a">Israel, Richard</subfield>
    </datafield>
    <datafield tag="245" ind1="1" ind2="#">
      <subfield code="a">The Vision /</subfield>
      <subfield code="c">Richard Israel dan Julianne Crane</subfield>
    </datafield>
    <datafield tag="260" ind1="#" ind2="#">
      <subfield code="a">Jakarta :</subfield>
      <subfield code="b">Elex Media Komputindo,</subfield>
      <subfield code="c">1996</subfield>
    </datafield>
    <datafield tag="300" ind1="#" ind2="#">
      <subfield code="a">176 halaman :</subfield>
      <subfield code="b">ilus ;</subfield>
      <subfield code="c">19 cm</subfield>
    </datafield>
    <datafield tag="650" ind1="#" ind2="4">
      <subfield code="a">Marketing</subfield>
    </datafield>
    <datafield tag="700" ind1=" " ind2="#">
      <subfield code="a">Julianne Crane</subfield>
    </datafield>
    <datafield tag="520" ind1="#" ind2="#">
      <subfield code="a">Dalam perekonomian global, ketika kekayaan terletak pada informasi dan aturan-aturan bisnis baru yang telah berubah luar-dalam, muncullah sebuah kekuatan baru. Ia berbobot 1,5 kilogram, bekerja 24 jam sehari, dan mempunyai potensi tak terbatas. Ingin tahu lebih banyak lagi? Baiklah, sebetulnya Anda telah memilikinya. Kenyataannya, Anda sedang menggunakannya sekarang.&#13;
&#13;
Riset baru-baru ini telah mulai mengungkap berbagai misteri seputar otak manusia dan kapasitasnya yang tak terbatas. The Vision menyajikan sebuah panduan langkah demi langkah untuk menggali dan menggunakan kejeniusan kreatif Anda. Dengan plot yang cepat, buku ini berkisah tentang Sandy Stone saat berjuang memacu performa tim penjualannya, bentrok dengan bosnya yang tak mendukung, serta mendidik dan belajar dari-putranya yang masih muda. Mari kita berbagi pengalaman dengannya, dan melihat:&#13;
- bagaimana mencipta dan menjangkau suatu visi penjualan puncak agar bisa mempertinggi tingkat penjualan&#13;
- bagaimana memanfaatkan kekuatan otak Anda&#13;
- bagaimana menggunakan kekuatan berpikir yang multiindrawi (multisensory)&#13;
- bagaimana menjadi seorang pemimpin yang visioner&#13;
- bagaimana mengubah berbagai sistem keyakinan yang membelenggu (yang melekat pada diri Anda atau orang-orang lain)&#13;
- bagaimana memperkuat penilaian diri, dan bagaimana mengelola waktu Anda dengan lebih efektif&#13;
- bagaimana menguasai proses visioner demi pertumbuhan di masa depan</subfield>
    </datafield>
    <datafield tag="990" ind1="#" ind2="#">
      <subfield code="a">99023416</subfield>
    </datafield>
    <datafield tag="990" ind1="#" ind2="#">
      <subfield code="a">99023417</subfield>
    </datafield>
  </record>
</collection>
